Statistics for Countries in a Stewart of the World Map

Click here to take the quiz!

General Stats

  • This quiz has been taken 10,948 times
  • The average score is 59 of 64

Answer Stats

Country % Correct
China
99%
Japan
99%
Russia
99%
Egypt
99%
Italy
98%
Iran
98%
Turkey
98%
India
98%
Saudi Arabia
98%
Brazil
98%
Mongolia
98%
Morocco
98%
Libya
97%
Afghanistan
97%
Colombia
97%
Israel
97%
Pakistan
97%
Peru
97%
Algeria
97%
Chile
97%
Niger
96%
Kazakhstan
96%
Jordan
96%
Sudan
96%
Syria
96%
Venezuela
96%
Greece
96%
Bolivia
96%
Cyprus
95%
Ecuador
95%
Uzbekistan
95%
Tunisia
95%
Chad
95%
Nepal
95%
Spain
94%
United Arab Emirates
94%
Turkmenistan
94%
Lebanon
94%
Bhutan
93%
Iraq
93%
Bangladesh
93%
Tajikistan
92%
Mali
92%
Ivory Coast
92%
Qatar
92%
Ghana
92%
Mauritania
90%
Malta
90%
Liberia
89%
Senegal
89%
Togo
89%
Guinea
88%
Cape Verde
87%
Burkina Faso
87%
Sierra Leone
87%
Kyrgyzstan
86%
Benin
86%
Nigeria
85%
Guyana
85%
Paraguay
84%
Bahrain
79%
Albania
76%
Kuwait
71%
Trinidad and Tobago
66%

Score Distribution

Percentile by Number Answered

Percent of People with Each Score

Your Score History

You have not taken this quiz